Doeacc"O" Levele Module (Record no. 20247)

MARC details
000 -LEADER
fixed length control field 00341nam a22001457a 4500
008 - FIXED-LENGTH DATA ELEMENTS--GENERAL INFORMATION
fixed length control field 230927b |||||||| |||| 00| 0 eng d
082 ## - DEWEY DECIMAL CLASSIFICATION NUMBER
Classification number 105.32
100 ## - MAIN ENTRY--AUTHOR NAME
Personal name R.K. Txali
245 ## - TITLE STATEMENT
Title Doeacc"O" Levele Module
Statement of responsibility, etc R.K. Txali
260 ## - PUBLICATION, DISTRIBUTION, ETC. (IMPRINT)
Place of publication New Delhi
Name of publisher TMH
Year of publication 1999
300 ## - PHYSICAL DESCRIPTION
Number of Pages 707
650 ## - SUBJECT ADDED ENTRY--TOPICAL TERM
Topical Term BB CSE
796 ## - LOCAL ADDED ENTRY--PERSONAL NAME (RLIN)
Personal name R.K. Txali
942 ## - ADDED ENTRY ELEMENTS (KOHA)
Source of classification or shelving scheme Dewey Decimal Classification
Koha item type Books
Holdings
Accession Number Source of acquisition Price effective from Koha item type Withdrawn / writtenoff status Damaged status Not for loan Permanent Location Current Location Shelving location Date acquired Lost/ Missing status department
BB 1318 Donated 09/27/2023 Books       MIET Library, Jammu MIET Library, Jammu BL-Academic Block B, FL-2, CUP-194, SH1, R-1 09/27/2023   BB